BSE

Z obsahu: Aj na BSE sa dá slušne zarobiť. Nové zmluvy podpíše ministerstvo s víťazom tendra. Európa sprísnila pravidlá spracovania živočíšnych odpadov. Príčiny ochorenia sú stále nejasné. Potravinové škandály nabádajú na opatrnosť. Európsky systém zavedú v Česku do júla.

Salvato in:
Dettagli Bibliografici
Autore principale: Janků, Jana
Natura: Capitolo di libro
Lingua:slovacco
Soggetti:
Tags: Aggiungi Tag
Nessun Tag, puoi essere il primo ad aggiungerne!!

MARC

LEADER 00000naa a2200000 4500
001 r048118
005 20230921114639.1
041 0 |a slo 
044 |a SK 
245 1 0 |a BSE  |c Jana Janků 
520 |a Z obsahu: Aj na BSE sa dá slušne zarobiť. Nové zmluvy podpíše ministerstvo s víťazom tendra. Európa sprísnila pravidlá spracovania živočíšnych odpadov. Príčiny ochorenia sú stále nejasné. Potravinové škandály nabádajú na opatrnosť. Európsky systém zavedú v Česku do júla. 
610 2 0 |a výroba živočíšna 
610 2 0 |a chov zvierat 
610 2 0 |a dobytkárstvo 
610 2 0 |a chorobnosť 
610 2 0 |a potraviny 
610 2 0 |a Slovensko 
610 2 0 |a Európa 
610 2 0 |a BSE 
100 1 |a Janků, Jana